Datum a čas kvízu
43
Celkem bodů
Celkový počet nahraných bodů na tomto kvízu bez doplňovacích otázek.
5.
Pořadí na kvízu
Konečné umístění týmu na tomto kvízu.
Zaznamenané odpovědi
| # | Otázka | Odpověď | Body | Výsledky |
|---|---|---|---|---|
| 1. | Pražští zastupitelé schválili... | luskoun | 1 | |
| 2. | Jediná letadlová loď ruského n... | Kuzněcov | 1 | |
| 3. | Jak se jmenuje osobnost, která... | Veronika Khek Kubařová | 1 | |
| 4. | Skupina Kofola ve středu oznám... | Korunní, Ondrášovka | 1 | |
| 5. | Síň slávy českého hokeje rozší... | Milan Hejduk, Jiří Šlégr | 0 | |
| 6. | Podíváme se na hlášky z různýc... | přilepšit si | 1 | |
| 7. | "Šaty s ___ ___ vyšívané, ale... | vlečkou stříbrem | 1 | |
| 8. | Ty knedlíky připomínají vajíčk... | mořské želvy | 1 | |
| 9. | „Prase počká. Ty jsi přednější... | Pandrholo | 1 | |
| 10. | "Žvejka to je hrozný hnus, žve... | Willy Wonka | 1 |